00478nam a2200145 4500001000700000003000900007005001700016007000300033008004100036100001700077245013300094260005600227300002700283852002200310133009ES-MaACL20230906194313.0t|070214s1912 fr r ||||1| fre d1 aRoz, Firmin.13aLe roman anglais contemporaine b: George Meredith, Thomas Hardy, Mme. Humpry Ward, Rudyard Kipling, H. G. Wells / cFirmin Roz. aParis : b[s. n.], c1912 (eCorbeil : fCrété) a284 p. ; c18 x 12 cm. aES-MaACLjG-15860